ซีดีรอมเรียนรู้การใช้โปรแกรม Microsoft Excel & Word 2000 [CD-ROM] (ระเบียนเลขที่ 25785)
| 000 -LEADER | |
|---|---|
| fixed length control field | 01900nma a22003617a 4500 |
| 005 - DATE AND TIME OF LATEST TRANSACTION | |
| control field | 20210325190538.0 |
| 006 - FIXED-LENGTH DATA ELEMENTS--ADDITIONAL MATERIAL CHARACTERISTICS | |
| fixed length control field | g q || |
| 008 - FIXED-LENGTH DATA ELEMENTS--GENERAL INFORMATION | |
| fixed length control field | s2000 th tha d |
| 041 ## - LANGUAGE CODE | |
| Language code of text/sound track or separate title | tha |
| 100 0# - MAIN ENTRY--PERSONAL NAME | |
| Personal name | วิศัลย์ พัวรุ่งโรจน์ |
| 245 10 - TITLE STATEMENT | |
| Title | ซีดีรอมเรียนรู้การใช้โปรแกรม Microsoft Excel & Word 2000 [CD-ROM] |
| 260 3# - PUBLICATION, DISTRIBUTION, ETC. | |
| Place of publication, distribution, etc. | กรุงเทพฯ : |
| Name of publisher, distributor, etc. | คอมพิวเตอร์อินฟอร์เมชั่นซิสเต็มส์, |
| Date of publication, distribution, etc. | 2000 |
| 300 ## - PHYSICAL DESCRIPTION | |
| Extent | 1 แผ่น |
| 650 04 - SUBJECT ADDED ENTRY--TOPICAL TERM | |
| Topical term or geographic name entry element | ไมโครซอฟต์เอ็กเซล (โปรแกรมคอมพิวเตอร์) |
| 650 04 - SUBJECT ADDED ENTRY--TOPICAL TERM | |
| Topical term or geographic name entry element | Computer programs |
| 650 04 - SUBJECT ADDED ENTRY--TOPICAL TERM | |
| Topical term or geographic name entry element | Exel 200 (Computer progam) |
| 650 04 - SUBJECT ADDED ENTRY--TOPICAL TERM | |
| Topical term or geographic name entry element | Exel (Computer progam) |
| 650 04 - SUBJECT ADDED ENTRY--TOPICAL TERM | |
| Topical term or geographic name entry element | Exel (Computer program) |
| 650 04 - SUBJECT ADDED ENTRY--TOPICAL TERM | |
| Topical term or geographic name entry element | Microsoft Exel 2000 (Computer progam) |
| 650 04 - SUBJECT ADDED ENTRY--TOPICAL TERM | |
| Topical term or geographic name entry element | Microsoft Exel (Computer progam) |
| 650 04 - SUBJECT ADDED ENTRY--TOPICAL TERM | |
| Topical term or geographic name entry element | เวิร์ด 2000 (โปรแกรมคอมพิวเตอร์) |
| 650 04 - SUBJECT ADDED ENTRY--TOPICAL TERM | |
| Topical term or geographic name entry element | เวิร์ด (โปรแกรมคอมพิวเตอร์) |
| 650 04 - SUBJECT ADDED ENTRY--TOPICAL TERM | |
| Topical term or geographic name entry element | เอ็กเซล 2000 (โปรแกรมคอมพิวเตอร์) |
| 650 04 - SUBJECT ADDED ENTRY--TOPICAL TERM | |
| Topical term or geographic name entry element | โปรแกรมคอมพิวเตอร์ |
| 650 04 - SUBJECT ADDED ENTRY--TOPICAL TERM | |
| Topical term or geographic name entry element | ไมโครซอฟต์เวิร์ด 2000 (โปรแกรมคอมพิวเตอร์) |
| 650 04 - SUBJECT ADDED ENTRY--TOPICAL TERM | |
| Topical term or geographic name entry element | ไมโครซอฟต์เวิร์ด (โปรแกรมคอมพิวเตอร์) |
| 650 04 - SUBJECT ADDED ENTRY--TOPICAL TERM | |
| Topical term or geographic name entry element | ไมโครซอฟต์เอ็กเซล 2000 (โปรแกรมคอมพิวเตอร์) |
| 650 04 - SUBJECT ADDED ENTRY--TOPICAL TERM | |
| Topical term or geographic name entry element | เอ็กเซล (โปรแกรมคอมพิวเตอร์) |
| 850 ## - HOLDING INSTITUTION | |
| Holding institution | NALT |
| 942 ## - ADDED ENTRY ELEMENTS (KOHA) | |
| Koha item type | CD |
| 997 ## - | |
| -- | 000000000025785 |
| 998 ## - LOCAL CONTROL INFORMATION (RLIN) | |
| -- | PIYANART |
| Withdrawn status | Lost status | Damaged status | Not for loan | Collection code | Home library | Current library | Total Checkouts | Full call number | Barcode | Date last seen | Price effective from | Koha item type |
|---|---|---|---|---|---|---|---|---|---|---|---|---|
| Audio-Visual Materials collection | National Assembly Library of Thailand | National Assembly Library of Thailand | 3961136101 | 09/06/2017 | 09/06/2017 | CD |
